right where you left me - Taylor Swift (All Lyrics) - Statistics

General Stats
  • This quiz has been taken 278 times
  • The average score is 376 of 411
Answer Stats
Lyrics % Correct
a
100%
I,
100%
I
100%
left
100%
me
100%
me,
100%
right
100%
Right
100%
right,
100%
where
100%
you
100%
You
100%
I'm
99%
the
99%
at
98%
At
98%
on
98%
on,
98%
still
98%
Still
98%
to
98%
and
97%
And
97%
But
97%
but
97%
ever
97%
hear
97%
in
97%
no,
97%
no
97%
restaurant
97%
stay
97%
every
96%
get
96%
her
96%
up,
96%
up
96%
here
95%
it
95%
moved
95%
so
95%
when
95%
When
95%
break
94%
corner
94%
for
94%
Friends
94%
friends
94%
got
94%
married
94%
sitting
94%
there
94%
was
94%
who
94%
choice
93%
Help,
93%
Some
93%
They
93%
Did
92%
Everybody
92%
everybody
92%
forever
92%
hair
92%
haunt
92%
my
92%
she
92%
about
91%
buried
91%
girl
91%
She's
91%
Strangers
91%
strangers
91%
be
90%
light
90%
oh,
90%
one
90%
pin
90%
say,
90%
that
90%
"What
90%
frozen?
89%
know
89%
Time
89%
dim
88%
fantasy
88%
sad
88%
stayed
88%
want
88%
drop
87%
inside
87%
lives
87%
twenty-three
87%
born,
86%
of
86%
told
86%
won't
86%
Cross
85%
delusion?
85%
don't
85%
Dust
85%
fly
85%
could
84%
'cause
83%
cause
83%
met
83%
new
83%
other
83%
rumors
83%
sight,"
83%
skies
83%
someone
83%
you're
83%
front
82%
Kids
82%
legged
82%
moment
82%
stop
82%
through
82%
collected
81%
each
81%
out
81%
after
80%
else,
80%
felt
80%
Glass
80%
have
80%
burn
79%
Christmas,
79%
find
79%
just
79%
pinned
79%
sat
79%
shattered
79%
white
79%
sure
78%
Breakups
77%
day,
77%
happen
77%
If
77%
supposed
77%
wife
77%
it's
76%
stick
76%
change,
75%
cloth
75%
How
75%
lose
75%
Pages
75%
went
75%
harm,
74%
turn
74%
unaware
74%
feel
73%
Matches
73%
swear
73%
mascara
72%
perspective,
72%
Everything
71%
love
71%
mind
71%
run
71%
stared
71%
Trends
71%
wrong,
71%
business
70%
learned
70%
lessons
70%
expected
69%
somewhere
69%
think
68%
been
67%
can't
67%
earned
67%
young,
67%
Wages
63%
our
62%
long
61%
died
60%
witness,
60%
bear
56%
No matching quizzes found
Score Distribution
Percent of People with Each Score
Percentile by Number Answered
Your Score History
You have not taken this quiz